000 00597nam a2200241Ia 4500
003 OSt
005 20220924151413.0
006 a|||||r|||| 00| 0
007 ta
008 220923b |||||||| |||| 00| 0 ben d
024 _a337586
037 _cTextual
040 _aARTS
_cARTS
_bben
041 _2ben
_aben
082 _aV44Q7237:1.N5, 157K5.1
100 _aMitra
245 0 _aJessore o Khulnar itihash
260 _c1955
300 _a496p.
_ccm.
650 _aHISTORY
942 _hV44Q7237:1.N5, 157K5.1
_cTEXL
_2CC
999 _c466461
_d466461